Music Quiz

Random Music or Song Quiz

50 Songs: By 'COVFEFE' Artists Quiz Stats

 Plays Quiz not verified by Sporcle

Challenge
Share
Tweet
Embed
Score 0/50 Timer 07:00
0 Plays Today
Letter Artist % Correct
EEagles
93.1%
OOasis
92.6%
VVillage People
89.2%
OOutkast
85.3%
CThe Clash
83.3%
EEurythmics
82.4%
EEurope
81.9%
CThe Cranberries
79.9%
CThe Cure
76.5%
VVan Halen
75%
FFrankie Goes To Hollywood
70.6%
OOwl City
69.1%
FFoster The People
68.1%
FThe Fray
67.6%
FForeigner
67.2%
CCream
61.8%
FFine Young Cannibals
59.3%
FFleetwood Mac
58.8%
EElectric Light Orchestra
58.8%
FFall Out Boy
57.8%
EExtreme
55.9%
EEMF
54.9%
OThe Offspring
54.4%
VViolent Femmes
52.5%
OOneRepublic
51.5%
Letter Artist % Correct
VThe Vapors
50%
CCreedence Clearwater Revival
48.5%
OOf Monsters And Men
45.6%
VThe Velvet Underground
44.1%
FFoo Fighters
43.1%
VVampire Weekend
40.7%
VThe Verve
39.7%
EErasure
37.7%
CThe Cardigans
34.3%
CColdplay
33.8%
OOrchestral Manoeuvres In The Dark
31.4%
VThe Vengaboys
30.4%
EEels
30.4%
CCrowded House
27.9%
VVelvet Revolver
25%
OO-Zone
24.5%
FThe Flaming Lips
23%
EElbow
19.1%
CChicago
18.6%
EEditors
17.6%
OOcean Colour Scene
13.7%
FFeeder
13.2%
CChildish Gambino
10.8%
VThe Vaccines
7.4%
OOpeth
3.9%

You're not logged in!

Compare scores with friends on all Sporcle quizzes.
Join for Free
OR
Log In

You Might Also Like...

Show Comments

Extras

Curator's Pick Jun 1, 2017ReportNominate
Tags:Artist Quiz, Song Quiz, provided

Top Quizzes Today


Score Distribution

Your Account Isn't Verified!

In order to create a playlist on Sporcle, you need to verify the email address you used during registration. Go to your Sporcle Settings to finish the process.

Report this User

Report this user for behavior that violates our Community Guidelines.

Details: